000 00583nam a2200193Ia 4500
005 20250508163440.0
008 008 250505s9999 xx 000 0 eng d
037 _aDissertations
040 _aFEDL
_beng
_cFEDL
041 _aeng
_2eng
084 _a507, BHA/DI
_qFEDL
100 _aBhargava Kul Bhushan
_9775304
245 0 _aCritical review of some researches on variables affecting achievement in science
260 _c1990
300 _a157p.
546 _aM.Phil Dissertation, (Delhi University)
942 _cDIS
_h507, BHA/DI
999 _c1383307
_d1383307